Agricultural Biotechnology : (Record no. 7434)

MARC details
000 -LEADER
fixed length control field 01459cam a2200373 a 4500
001 - CONTROL NUMBER
control field 4420760
003 - CONTROL NUMBER IDENTIFIER
control field OSt
005 - DATE AND TIME OF LATEST TRANSACTION
control field 20250612115447.0
008 - FIXED-LENGTH DATA ELEMENTS--GENERAL INFORMATION
fixed length control field 930916r19931990enka b 001 0 eng d
010 ## - LIBRARY OF CONGRESS CONTROL NUMBER
LC control number 93133003
015 ## - NATIONAL BIBLIOGRAPHY NUMBER
National bibliography number GB90-33904
020 ## - INTERNATIONAL STANDARD BOOK NUMBER
International Standard Book Number 0851986439
035 ## - SYSTEM CONTROL NUMBER
System control number (OCoLC)21970234
040 ## - CATALOGING SOURCE
Original cataloging agency Uk
Transcribing agency MUST
Modifying agency DNAL
-- PDoN
-- CU-I
-- DLC
042 ## - AUTHENTICATION CODE
Authentication code lccopycat
050 00 - LIBRARY OF CONGRESS CALL NUMBER
Classification number S494.5.B563
Item number A376 1993
070 0# - NATIONAL AGRICULTURAL LIBRARY CALL NUMBER
Classification number S494.5.B563B554
Item number no.2
072 #0 - SUBJECT CATEGORY CODE
Subject category code X300
082 00 - DEWEY DECIMAL CLASSIFICATION NUMBER
Classification number 630 AGR 1993;
100 ## - MAIN ENTRY--PERSONAL NAME
Personal name Edited by Gabrielle J. Persley.
9 (RLIN) 19366
245 00 - TITLE STATEMENT
Title Agricultural Biotechnology :
Remainder of title opportunities for international development
260 ## - PUBLICATION, DISTRIBUTION, ETC. (IMPRINT)
Place of publication, distribution, etc. Wallingford;
Name of publisher, distributor, etc. CAB International for the World Bank
Date of publication, distribution, etc. 1993.
300 ## - PHYSICAL DESCRIPTION
Extent xv, 495 p. :
Other physical details ill. ;
Dimensions 26 cm.
490 1# - SERIES STATEMENT
Series statement Biotechnology in agriculture series,
International Standard Serial Number 0960-202X ;
Volume/sequential designation no. 2
504 ## - BIBLIOGRAPHY, ETC. NOTE
Bibliography, etc Includes bibliographical references (p. 444-476) and index.
650 #0 - SUBJECT ADDED ENTRY--TOPICAL TERM
Topical term or geographic name as entry element Biotechnology.
9 (RLIN) 4840
650 #0 - SUBJECT ADDED ENTRY--TOPICAL TERM
Topical term or geographic name as entry element Agricultural biotechnology.
9 (RLIN) 15233
830 #0 - SERIES ADDED ENTRY--UNIFORM TITLE
Uniform title Biotechnology in agriculture series ;
Volume number/sequential designation 2.
9 (RLIN) 15235
856 42 - ELECTRONIC LOCATION AND ACCESS
Materials specified Publisher description
Uniform Resource Identifier <a href="http://www.loc.gov/catdir/enhancements/fy0603/93133003-d.html">http://www.loc.gov/catdir/enhancements/fy0603/93133003-d.html</a>
856 41 - ELECTRONIC LOCATION AND ACCESS
Materials specified Table of contents only
Uniform Resource Identifier <a href="http://www.loc.gov/catdir/enhancements/fy0603/93133003-t.html">http://www.loc.gov/catdir/enhancements/fy0603/93133003-t.html</a>
906 ## - LOCAL DATA ELEMENT F, LDF (RLIN)
a 7
b cbc
c copycat
d 3
e ncip
f 19
g y-gencatlg
942 ## - ADDED ENTRY ELEMENTS (KOHA)
Source of classification or shelving scheme Dewey Decimal Classification
Koha item type Open Shelf
Holdings
Withdrawn status Lost status Source of classification or shelving scheme Damaged status Not for loan Home library Current library Date acquired Source of acquisition Inventory number Total Checkouts Full call number Barcode Date last seen Price effective from Koha item type
    Dewey Decimal Classification     MUST Main Library MUST Main Library 10/11/2021 Donation 03/18019   630AGR1993; 2021-1630 10/11/2021 10/11/2021 Open Shelf
    Dewey Decimal Classification     MUST Main Library MUST Main Library 10/11/2021 Donation 03/18017   630AGR1993; 2021-1631 10/11/2021 10/11/2021 Open Shelf
    Dewey Decimal Classification     MUST Main Library MUST Main Library 10/11/2021 Donation 03/18020   630AGR1993; 2021-1632 10/11/2021 10/11/2021 Open Shelf
    Dewey Decimal Classification     MUST Main Library MUST Main Library 10/11/2021 Donation 03/18018   630AGR1993; 2021-1633 10/11/2021 10/11/2021 Open Shelf